| 000 | 00896nam a2200253 a 4500 | ||
|---|---|---|---|
| 001 | BRCA_3479 | ||
| 005 | 20190320204313.0 | ||
| 008 | 160213s1997----mx-a######---#000-0#spa-# | ||
| 020 | _a9681652541 | ||
| 041 | _aspa | ||
| 044 | _amx | ||
| 050 | 4 |
_aZ997.2.M4 _b.R43 2 1997 |
|
| 245 | 1 | 0 | _aUn recorrido por archivos y bibliotecas privados II. |
| 260 |
_aMéxico _bAsociación Mexicana de Archivos y Bibliotecas Privados, A.C. (AMABPAC) ; Fomento Cultural Banamex ; FCE _c1997 |
||
| 300 |
_a229 p. _bil. _c28 cm. |
||
| 500 | _aIncluye Directorio de la AMABPAC | ||
| 650 | 1 | 4 |
_aArchivos _zMéxico _91302 |
| 650 | 1 | 4 |
_aBibliotecas privadas _zMéxico _91303 |
| 651 | 4 |
_aMéxico _vFuentes _xHistoria _9873 |
|
| 710 | 2 |
_aAsociación Méxicana de Archivos y Bibliotecas Privados, A.C _91304 |
|
| 710 | 2 |
_aFomento Cultural Banamex _93936 |
|
| 710 | 2 |
_aFondo de Cultura Económica _99061 |
|
| 942 |
_2lcc _cB |
||
| 999 |
_c3215 _d3215 |
||